[Event "Lazy Baltic Pearl op-A 19th"]
[Site "Lazy"]
[Date "2023.06.29"]
[Round "4"]
[White "Lecki, Leonard"]
[Black "Zareba, Piotr"]
[Result "1-0"]
[WhiteElo "1914"]
[BlackElo "1724"]
[PlyCount "103"]
[EventDate "2023.06.26"]
[EventType "swiss"]
[EventRounds "9"]
[EventCountry "POL"]
[SourceTitle "CBM 215 Extra"]
[Source "ChessBase"]
[SourceDate "2023.09.30"]
[SourceVersion "1"]
[SourceVersionDate "2023.09.30"]
[SourceQuality "1"]

1. e4 c5 2. Nf3 e6 3. d4 cxd4 4. Nxd4 Nf6 5. Nc3 Nc6 6. Nxc6 bxc6 7. Bd3 d5 8. 0-0 Bc5 9. Re1 0-0 10. Bf4 e5 11. Bg5 Qb6 12. Qd2 Ng4 13. Bh4 Qxb2 14. Rab1 Qa3 15. exd5 cxd5 16. Nb5 Qa4 17. Nc7 Be6 18. Nxa8 Rxa8 19. h3 Nh6 20. Bg5 e4 21. Bb5 Qxa2 22. Bxh6 gxh6 23. Qc3 Rc8 24. Ra1 Bxf2+ 25. Kxf2 Qxc2+ 26. Qxc2 Rxc2+ 27. Ke3 Rxg2 28. Rg1 Rxg1 29. Rxg1+ Kf8 30. h4 Ke7 31. Ra1 Kf6 32. Kf4 Ke7 33. Ke5 f6+ 34. Kd4 Bf7 35. Rxa7+ Ke6 36. Bd7+ Kd6 37. Bc6 Be6 38. Ra6 Bc8 39. Bb7+ Kc7 40. Bxc8 Kxc8 41. Rxf6 Kd7 42. Kxd5 Ke7 43. Rxh6 e3 44. Re6+ Kf7 45. Rxe3 Kg6 46. Re5 Kh6 47. Ke4 Kg6 48. Kf4 Kh6 49. Re6+ Kh5 50. Rf6 h6 51. Re6 Kxh4 52. Rxh6# 1-0

[Event "Lazy Baltic Pearl op-A 19th"]
[Site "Lazy"]
[Date "2023.06.28"]
[Round "3"]
[White "Zareba, Piotr"]
[Black "Gbiorczyk, Mikolaj1111"]
[Result "1/2-1/2"]
[WhiteElo "1724"]
[BlackElo "1881"]
[PlyCount "83"]
[EventDate "2023.06.26"]
[EventType "swiss"]
[EventRounds "9"]
[EventCountry "POL"]
[SourceTitle "CBM 215 Extra"]
[Source "ChessBase"]
[SourceDate "2023.09.30"]
[SourceVersion "1"]
[SourceVersionDate "2023.09.30"]
[SourceQuality "1"]

1. d4 f5 2. Bg5 g6 3. Nc3 Bg7 4. e4 fxe4 5. Nxe4 Nf6 6. Nxf6+ exf6 7. Be3 d5 8. Ne2 Bg4 9. h3 Bxe2 10. Bxe2 c6 11. h4 Qb6 12. h5 f5 13. Rb1 Nd7 14. hxg6 hxg6 15. Rxh8+ Bxh8 16. c3 0-0-0 17. b4 Nf6 18. Bg5 Re8 19. Bxf6 Bxf6 20. Qd3 Qc7 21. Qf3 b5 22. g4 Qh2 23. Kd1 f4 24. Kd2 Bh4 25. Rf1 Kb7 26. Kd1 a5 27. Bxb5 axb4 28. cxb4 Re4 29. Bd3 Rxd4 30. Kc2 Rxb4 31. Bxg6 Bf6 32. Rb1 Rxb1 33. Kxb1 Qg1+ 34. Kc2 Bd4 35. Qxf4 Bxf2 36. Bf5 Qg2 37. Qd2 Qf3 38. Qb4+ Bb6 39. Qe7+ Bc7 40. Qb4+ Bb6 41. Qe7+ Bc7 42. Qb4+ 1/2-1/2

[Event "Lazy Baltic Pearl op-A 18th"]
[Site "Lazy"]
[Date "2022.07.01"]
[Round "6"]
[White "Zeissel, Andrzej"]
[Black "Zareba, Piotr"]
[Result "1/2-1/2"]
[WhiteElo "1624"]
[BlackElo "1708"]
[PlyCount "170"]
[EventDate "2022.06.26"]
[EventType "swiss"]
[EventRounds "9"]
[EventCountry "POL"]
[SourceTitle "CBM 209 Extra"]
[Source "ChessBase"]
[SourceDate "2022.09.30"]
[SourceVersion "1"]
[SourceVersionDate "2022.09.30"]
[SourceQuality "1"]

1. e4 c6 2. d4 d5 3. f3 e6 4. Nc3 Bb4 5. Bd2 dxe4 6. Nxe4 Bxd2+ 7. Qxd2 Nf6 8. 0-0-0 b6 9. h4 Ba6 10. Nh3 Nxe4 11. fxe4 Qxh4 12. Bxa6 Nxa6 13. Ng5 Qg4 14. Nxh7 0-0-0 15. e5 c5 16. Qg5 Rxd4 17. Rxd4 Qxg5+ 18. Nxg5 Rxh1+ 19. Rd1 Rh2 20. Rd2 Nb4 21. a3 Nd5 22. Rf2 f6 23. exf6 Nxf6 24. Re2 e5 25. Kd2 Rh5 26. Nf7 Nd7 27. g4 Rh4 28. Rg2 Kc7 29. Ke3 Kc6 30. Ke4 Nf6+ 31. Kxe5 Nxg4+ 32. Ke6 Ne3 33. Rxg7 Nxc2 34. Ne5+ Kb5 35. Rxa7 Nd4+ 36. Kf6 Rh2 37. Kg5 c4 38. a4+ Kc5 39. a5 bxa5 40. Rxa5+ Kb4 41. Nxc4 Kxc4 42. Ra4+ Kc5 43. Ra2 Kb4 44. Kf4 Kb3 45. Ra8 Kxb2 46. Ke4 Rh4+ 47. Kd5 Kc3 48. Rg8 Ne2 49. Ke5 Kd3 50. Rg5 Re4+ 51. Kd6 Nc3 52. Rg3+ Kd4 53. Rg2 Rh4 54. Rg6 Ne4+ 55. Kc6 Rh1 56. Kd7 Kd5 57. Kd8 Rh8+ 58. Ke7 Rh7+ 59. Kf8 Ke5 60. Rg7 Rh8+ 61. Rg8 Rh6 62. Kg7 Ra6 63. Re8+ Kf5 64. Rf8+ Kg5 65. Rf7 Ng3 66. Rc7 Nf5+ 67. Kf7 Rf6+ 68. Ke8 Re6+ 69. Kd7 Rd6+ 70. Kc8 Kf6 71. Rd7 Ne7+ 72. Kc7 Rc6+ 73. Kb7 Rc1 74. Rd2 Kf7 75. Kb6 Ke6 76. Rb2 Nd5+ 77. Kb7 Kd6 78. Rb5 Rc7+ 79. Kb8 Rh7 80. Rb7 Rh8+ 81. Ka7 Kc6 82. Rg7 Rh1 83. Rg6+ Kd7 84. Rg7+ Ne7 85. Kb6 Rc1 1/2-1/2

[Event "POL-ch U12"]
[Site "Uniejow"]
[Date "2021.07.22"]
[Round "6"]
[White "Zareba, Piotr"]
[Black "Andrzejewski, Jakub1111"]
[Result "1-0"]
[WhiteElo "1138"]
[BlackElo "1447"]
[PlyCount "113"]
[EventDate "2021.07.18"]
[EventType "swiss"]
[EventRounds "9"]
[EventCountry "POL"]
[SourceTitle "EXT 2022"]
[Source "ChessBase"]
[SourceDate "2021.10.06"]
[SourceVersion "1"]
[SourceVersionDate "2021.10.06"]
[SourceQuality "1"]

1. e4 e5 2. Nf3 Nc6 3. Bc4 Bc5 4. d3 Nf6 5. c3 d6 6. Bb3 h6 7. Nbd2 0-0 8. 0-0 Re8 9. h3 Be6 10. Re1 Bxb3 11. Qxb3 Bb6 12. Nf1 Qd7 13. Be3 Rad8 14. Bxb6 axb6 15. Ne3 Ne7 16. c4 Rf8 17. Rac1 Ne8 18. Red1 Kh8 19. d4 exd4 20. Rxd4 Nc6 21. Rd2 Qe6 22. Nd5 Rd7 23. Re1 Nf6 24. Qc2 Qe8 25. a3 Nxd5 26. exd5 Ne5 27. Nxe5 dxe5 28. Rde2 f6 29. Qa4 Re7 30. Qb4 Qd7 31. Rd1 Qd6 32. Qxd6 cxd6 33. Rd3 Rc7 34. Rb3 Rxc4 35. Rxb6 Rd8 36. Rxb7 Rd4 37. Rb5 Rc8 38. b4 Rd3 39. Ra2 Rc4 40. Kf1 Rcd4 41. a4 Rb3 42. a5 Rdxb4 43. Rxb4 Rxb4 44. a6 Rb8 45. a7 Ra8 46. Ke2 Kg8 47. Kd3 Kf7 48. Kc4 Ke7 49. Kb5 Kd7 50. Kb6 Kc8 51. Kc6 f5 52. Kxd6 e4 53. Ke5 g6 54. Kf6 Kb7 55. Kxg6 f4 56. Kf5 Rxa7 57. Rxa7+ 1-0

[Event "POL-ch U12"]
[Site "Uniejow"]
[Date "2021.07.21"]
[Round "4"]
[White "Zielen, Stanislaw"]
[Black "Zareba, Piotr"]
[Result "0-1"]
[WhiteElo "1198"]
[BlackElo "1138"]
[PlyCount "98"]
[EventDate "2021.07.18"]
[EventType "swiss"]
[EventRounds "9"]
[EventCountry "POL"]
[SourceTitle "EXT 2022"]
[Source "ChessBase"]
[SourceDate "2021.10.06"]
[SourceVersion "1"]
[SourceVersionDate "2021.10.06"]
[SourceQuality "1"]

1. d4 d5 2. Bf4 Nf6 3. e3 e6 4. Bd3 c5 5. c3 Nc6 6. Nd2 Bd6 7. Bxd6 Qxd6 8. Ngf3 b6 9. Rc1 0-0 10. Bb1 Ba6 11. c4 Rac8 12. b3 Rfd8 13. dxc5 bxc5 14. 0-0 Qe7 15. Qc2 Bb7 16. cxd5 Nb4 17. d6 Rxd6 18. Qb2 Nd3 19. Bxd3 Rxd3 20. Ne5 Rd5 21. Ndf3 h6 22. Rfd1 Rcd8 23. Rxd5 Rxd5 24. Qa3 Qd6 25. h3 Rxe5 26. Nxe5 Qxe5 27. Qxc5 Qe4 28. f3 Qg6 29. e4 Ba6 30. Qxa7 Qg5 31. Rc7 Be2 32. Qf2 Ba6 33. a4 Qe5 34. Qc2 Qd4+ 35. Kh1 Nh5 36. Qc1 Ng3+ 37. Kh2 Nf1+ 38. Kh1 Ng3+ 39. Kh2 Ne2 40. Qc5 Qd2 41. Qe5 Qe1 42. Qc5 Qg3+ 43. Kh1 Nf4 44. Qg1 Nxh3 45. Qc5 Nf4 46. Qc2 Bf1 47. Rc8+ Kh7 48. e5+ g6 49. Rc7 Bxg2+ 0-1

[Event "POL-ch U12"]
[Site "Uniejow"]
[Date "2021.07.20"]
[Round "3"]
[White "Lecki, Leonard"]
[Black "Zareba, Piotr"]
[Result "1-0"]
[WhiteElo "1423"]
[BlackElo "1138"]
[PlyCount "43"]
[EventDate "2021.07.18"]
[EventType "swiss"]
[EventRounds "9"]
[EventCountry "POL"]
[SourceTitle "EXT 2022"]
[Source "ChessBase"]
[SourceDate "2021.10.06"]
[SourceVersion "1"]
[SourceVersionDate "2021.10.06"]
[SourceQuality "1"]

1. e4 c5 2. Nf3 Nc6 3. d4 cxd4 4. Nxd4 g6 5. Nc3 Bg7 6. Be3 d6 7. Bc4 Nf6 8. f3 Bd7 9. Qd2 a6 10. Bb3 Rc8 11. g4 Ne5 12. 0-0-0 b5 13. g5 Nh5 14. Nd5 e6 15. Nf5 Rc6 16. Nxg7+ Nxg7 17. Nf6+ Ke7 18. Bf4 Nc4 19. Bxc4 e5 20. Bxe5 bxc4 21. Bxd6+ Ke6 22. Qd5# 1-0